離島市町村 - Statistics

General Stats
  • This quiz has been taken 9 times
    6 since last reset
  • The average score is 50 of 78
Answer Stats
Hint Answer % Correct
北海道 利尻町
100%
北海道 利尻富士町
100%
北海道 奥尻町
100%
東京都 青ヶ島村
100%
東京都 小笠原村
100%
新潟県 佐渡市
100%
兵庫県 淡路市
100%
島根県 隠岐の島町
100%
長崎県 五島市
100%
熊本県 天草市
100%
鹿児島県 屋久島町
100%
鹿児島県 奄美市
100%
北海道 留夜別村
83%
北海道 泊村
83%
東京都 大島町
83%
東京都 利島村
83%
東京都 新島村
83%
東京都 神津島村
83%
東京都 三宅村
83%
東京都 八丈町
83%
新潟県 粟島浦村
83%
兵庫県 南あわじ市
83%
香川県 小豆島町
83%
長崎県 対馬市
83%
長崎県 壱岐市
83%
長崎県 新上五島町
83%
鹿児島県 西之表市
83%
沖縄県 石垣市
83%
沖縄県 与那国町
83%
北海道 留別村
67%
北海道 色丹村
67%
北海道 礼文町
67%
東京都 御蔵島村
67%
兵庫県 洲本市
67%
島根県 西ノ島町
67%
山口県 周防大島町
67%
熊本県 上天草市
67%
熊本県 苓北町
67%
鹿児島県 中種子町
67%
鹿児島県 南種子町
67%
鹿児島県 瀬戸内町
67%
沖縄県 北大東村
67%
沖縄県 南大東村
67%
沖縄県 宮古島市
67%
島根県 海士町
50%
島根県 知夫村
50%
広島県 大崎上島町
50%
広島県 江田島市
50%
香川県 土庄町
50%
香川県 直島町
50%
愛媛県 上島町
50%
長崎県 平戸市
50%
大分県 姫島村
50%
鹿児島県 長島町
50%
鹿児島県 宇検村
50%
鹿児島県 与論町
50%
沖縄県 久米島町
50%
沖縄県 竹富町
50%
北海道 蘂取村
33%
北海道 紗那村
33%
山口県 上関町
33%
長崎県 小値賀町
33%
鹿児島県 喜界町
33%
鹿児島県 龍郷町
33%
鹿児島県 大和村
33%
鹿児島県 徳之島町
33%
鹿児島県 天城町
33%
鹿児島県 和泊町
33%
鹿児島県 知名町
33%
沖縄県 伊平屋村
33%
沖縄県 伊是名村
33%
沖縄県 伊江村
33%
沖縄県 粟国村
33%
沖縄県 渡名喜村
33%
沖縄県 渡嘉敷村
33%
沖縄県 座間味村
33%
沖縄県 多良間村
33%
鹿児島県 伊仙町
17%
No matching quizzes found
Score Distribution
Percent of People with Each Score
Percentile by Number Answered
Your Score History
You have not taken this quiz since the last reset